000 00372pam a2200157a 44500
008 230515b1986 xxu||||| |||| 00| 0 eng d
020 _aNULL
041 _aENGLISH
082 _a630
100 _a11570-1985
245 _aCRITERIA FOR HYDRAULIC DESIGN OF IRRIGATION IN TAKE STRUCTURES
250 _a0
260 _aDELHI
_bISI
_c1986
300 _a34
650 _aNULL
999 _c651992
_d651992